Julia

Bibliographic Details
Main Author: Ghazali Ngah Azia
Format: Book
Published: Kuala Lumpur : Zebra Editions Snd. Bhd.2003
Series:Novel Remaja Zebra
Subjects:

MARC

LEADER 00000cam a2200000 7i4500
001 0000069964
005 20031027.0
020 |a 983261712X 
090 0 0 |a F   |b GHA 
100 0 |a Ghazali Ngah Azia 
245 1 0 |a Julia   |c Ghazali Ngah Azia 
260 |a Kuala Lumpur :   |b Zebra Editions Snd. Bhd.2003 
300 |a 266p. ;   |c 22cm. 
490 0 |a Novel Remaja Zebra 
650 0 0 |a Malay fiction 
999 |a 00159719   |b BUKU   |c FICTION   |e PERPUSTAKAAN KOMUNITI PETALING JAYA 
999 |a 00159720   |b BUKU   |c FICTION   |e PERPUSTAKAAN KOMUNITI PETALING JAYA